Statistiques concernant Échelle de Mohs (simple)

Cliquez ici pour prendre le quiz!

Statistiques générales

  • Ce quiz a été pris 68 fois
  • Le résultat moyen est 3 sur 10

Statistiques - réponses

Numéro sur l'échelleRéponsePoints de repères% Correct
10Diamant
97%
7QuartzRaye le verre
52%
8Topaze
27%
1Talc
24%
9Corindon
13%
3Calcite
11%
2GypseRayable avec l'ongle
11%
5ApatiteRayable au couteau
10%
6Orthose
6%
4Fluorine
5%

Distribution des résultats

Percentile par nombre de réponses

% des personnes avec chaque résultat

Votre développement - résultats

Vous n’avez pas pris ce quiz